000 00468nam a22001577a 4500
999 _c1996
_d1996
008 200210b ||||| |||| 00| 0 eng d
020 _a8175980109
100 _91603
_aStevens, Edward F.
245 1 0 _aShipping practice : with a consideration of the relevant law
_cby Edward F. Stevens and C.S.J. Butterfield
250 _a11th ed.
260 _aLondon
_bPitman
_c1981
300 _a174p
650 0 _aMaritime Law
700 _91604
_aButterfield, C.S.J
942 _cBK